<The> Keizai gaku annual report of the Economic society Tohoku University

Salvato in:
Dettagli Bibliografici
Natura: Periodico
Lingua:inglese
Pubblicazione: Kawauchi The Economic Society 2000/2001
Soggetti:
Tags: Aggiungi Tag
Nessun Tag, puoi essere il primo ad aggiungerne!!

MARC

LEADER 00000nas2a2200000 4500
001 s124745
005 20221221070933.1
022 |a 0387-3056 
041 0 |a eng 
044 |a JP 
245 1 0 |a <The> Keizai gaku  |b annual report of the Economic society Tohoku University 
264 1 |a Kawauchi  |b The Economic Society  |c 2000/2001 
300 |a 1 zv. 
773 0 |w eu_un_cat*s120153 
610 2 0 |a veda ekonomická 
610 2 0 |a ekonómia 
610 2 0 |a teórie ekonomické